[Event "GM Clarion Congress Hotel 2020"]
[Site "Ceske Budejovice"]
[Date "2020.07.04"]
[Round "4.5"]
[White "Malinovsky, Karel"]
[Black "Kraus, Tomas"]
[Result "1-0"]
[WhiteElo "2459"]
[BlackElo "2449"]
[Annotator "TA"]
[PlyCount "99"]
[EventDate "2020.07.01"]
[EventType "tourn"]
[EventCountry "CZE"]
[SourceTitle "playchess.com"]
[Source "ChessBase"]
[SourceQuality "1"]

{[%evp 26,99,0,0,24,25,28,33,23,0,-5,-8,0,-13,0,-5,0,-24,41,30,69,68,70,59,69,55,73,45,122,131,160,164,154,98,206,195,212,178,225,105,160,156,197,88,154,96,430,430,425,418,404,424,422,414,455,452,440,448,439,444,434,430,421,378,279,130,1654,212,29974,29975,29986,29987,29987,29988,29988,29989]} 1. e4 c5 2. Nf3 Nc6 3. d4 cxd4 4. Nxd4 Nf6 5. Nc3 e5 6. Ndb5 d6 7. Bg5 a6 8. Na3 b5 9. Nd5 Be7 10. Bxf6 Bxf6 11. c3 O-O 12. Nc2 Rb8 13. Be2 Bg5 14. O-O Kh8 {B33: Sicilian: Pelikan and Sveshnikov Variations.} 15. Qd3 f5 16. Bf3 f4 {[#] White is slightly better.} 17. b4 $146 ({Predecessor:} 17. Ncb4 Qd7 18. Nxc6 Qxc6 19. Rfd1 a5 20. a4 bxa4 21. b4 axb3 22. Rxa5 {0-1 (38) Korkina,S (2155)-Chelushkina,I (2315) Moscow 1990}) 17... Ne7 18. a4 Be6 19. Nxe7 Bc4 20. Qd2 {Nc6 is the strong threat.} Bxe7 21. Rfd1 g5 (21... Qb6 $11) 22. h3 Rg8 23. axb5 axb5 24. Ra7 Rg7 25. Rda1 Be6 26. Qd1 g4 (26... Qc8 $14) 27. Bxg4 $16 Bxg4 28. hxg4 Qc8 29. R1a3 (29. Qf3 $142) 29... Qc4 (29... h5 $16) 30. Ra8 $18 Rbg8 31. Rxg8+ $1 Rxg8 32. Qf3 (32. Ra7 $18 {is the precise move to win.} Bh4 33. Qxd6 Qxe4 34. f3) 32... Bg5 ({Better is} 32... Rc8) 33. Ra7 $16 Qb3 34. Na3 (34. Qd1 $18 {and White stays clearly on top.}) 34... Qb2 {[#]} ({Black should try} 34... Rg6) 35. Qh3 $1 $40 {[%mdl 128] White is out for blood.} Rg7 $2 {[%mdl 8192]} (35... h6 $16 {is more resistant.}) 36. Ra8+ $18 Rg8 37. Rxg8+ Kxg8 38. Nxb5 Qe2 39. Qh5 Be7 40. Qe8+ Bf8 {intending ...Qe1+.} 41. g5 Qe1+ 42. Kh2 {Intending Nxd6 and mate.} Qxf2 {[#]} 43. Qe6+ $1 {[%mdl 64] Double Attack} Kh8 44. Qh3 Be7 {[#]} 45. Nc7 (45. c4 $1 $18 {and the rest is easy.}) 45... Bxg5 $2 {[%mdl 8192] This move loses the game for Black.} (45... Bd8 $16) 46. Qg4 $2 (46. Qc8+ Kg7 47. Ne8+ {[%mdl 64] Double Attack} Kf7 48. Nxd6+ Kf6 49. Nf5) 46... f3 $2 (46... h6 $18 47. Ne6 Kg8) 47. Qxg5 {White mates.} fxg2 48. Qd8+ {[%mdl 64] Double Attack} Kg7 49. Ne6+ Kg6 50. Qg8+ {Accuracy: White = 60%, Black = 46%.} 1-0

[Event "GM Clarion Congress Hotel 2020"]
[Site "Ceske Budejovice"]
[Date "2020.07.05"]
[Round "5.1"]
[White "Kraus, Tomas"]
[Black "Stefansson, Hannes"]
[Result "1/2-1/2"]
[WhiteElo "2449"]
[BlackElo "2542"]
[Annotator "ChessBase"]
[PlyCount "60"]
[EventDate "2020.07.01"]
[EventType "tourn"]
[EventCountry "CZE"]
[SourceTitle "playchess.com"]
[Source "ChessBase"]
[SourceQuality "1"]
[TimeControl "40/5400+30:1800+30"]

1. e4 {[%emt 0:00:40]} c5 {[%emt 0:00:00]} 2. Nf3 {[%emt 0:00:21]} e6 {[%emt 0:00:09]} 3. d4 {[%emt 0:00:12]} cxd4 {[%emt 0:00:16]} 4. Nxd4 {[%emt 0:00:06]} a6 {[%emt 0:00:20]} 5. c4 {[%emt 0:00:05]} Nf6 {[%emt 0:01:07]} 6. Nc3 {[%emt 0:00:06]} Bb4 {[%emt 0:01:38]} 7. Qd3 {[%emt 0:01:43]} d5 {[%emt 0:04:02]} 8. exd5 {[%emt 0:01:47]} exd5 {[%emt 0:00:07]} 9. Be2 {[%emt 0:00:26]} O-O {[%emt 0:00:26]} 10. O-O {[%emt 0:00:48]} Nc6 {[%emt 0:00:50]} 11. Nxc6 {[%emt 0:03:42]} bxc6 {[%emt 0:00:07]} 12. cxd5 {[%emt 0:00:04]} Nxd5 {[%emt 0:02:15]} 13. Nxd5 {[%emt 0:00:14]} Qxd5 {[%emt 0:00:52]} 14. Qxd5 {[%emt 0:04:31]} cxd5 {[%emt 0:00:06]} 15. Be3 {[%emt 0:00:46]} Be6 {[%emt 0:02:41]} 16. Rac1 {[%emt 0:09:48]} Be7 {[%emt 0:05:21]} 17. Bd4 {[%emt 0:02:06]} Rfc8 {[%emt 0:01:28]} 18. Bd3 {[%emt 0:06:04]} a5 {[%emt 0:08:25]} 19. f4 {[%emt 0:02:01]} g6 {[%emt 0:03:15]} 20. Rce1 {[%emt 0:09:07]} Bc5 {[%emt 0:05:40]} 21. Bxc5 {[%emt 0:01:24]} Rxc5 {[%emt 0:00:07]} 22. f5 {[%emt 0:01:12]} gxf5 {[%emt 0:00:08]} 23. Bxf5 {[%emt 0:00:07]} d4 {[%emt 0:02:03]} 24. Bxe6 {[%emt 0:03:05]} fxe6 {[%emt 0:00:07]} 25. Rxe6 {[%emt 0:00:56]} Rc2 {[%emt 0:00:24]} 26. Rd6 {[%emt 0:09:25]} Rxb2 {[%emt 0:01:23]} 27. a3 {[%emt 0:01:59]} Ra2 {[%emt 0:01:31]} 28. Rxd4 {[%emt 0:16:22]} Rxa3 {[%emt 0:00:20]} 29. Rd7 {[%emt 0:02:43]} Rb8 {[%emt 0:02:05]} 30. Rc1 {[%emt 0:07:22]} Rf8 {[%emt 0:04:13]} 1/2-1/2

[Event "GM Clarion Congress Hotel 2020"]
[Site "Ceske Budejovice"]
[Date "2020.07.05"]
[Round "5.2"]
[White "Michalik, Peter"]
[Black "Malinovsky, Karel"]
[Result "1-0"]
[WhiteElo "2585"]
[BlackElo "2459"]
[Annotator "ChessBase"]
[PlyCount "81"]
[EventDate "2020.07.01"]
[EventType "tourn"]
[EventCountry "CZE"]
[SourceTitle "playchess.com"]
[Source "ChessBase"]
[SourceQuality "1"]
[TimeControl "40/5400+30:1800+30"]

1. c4 {[%emt 0:00:00]} e6 {[%emt 0:00:00]} 2. Nf3 {[%emt 0:00:00]} Nf6 {[%emt 0:00:02]} 3. d4 {[%emt 0:00:02]} d5 {[%emt 0:00:10]} 4. g3 {[%emt 0:00:07]} Be7 {[%emt 0:00:14]} 5. Bg2 {[%emt 0:00:06]} O-O {[%emt 0:00:06]} 6. Nc3 {[%emt 0:00:04]} dxc4 {[%emt 0:00:54]} 7. Ne5 {[%emt 0:00:07]} Nc6 {[%emt 0:03:40]} 8. Bxc6 {[%emt 0:00:07]} bxc6 {[%emt 0:00:06]} 9. Nxc6 {[%emt 0:00:05]} Qe8 {[%emt 0:00:19]} 10. Nxe7+ {[%emt 0:00:06]} Qxe7 {[%emt 0:00:06]} 11. Qa4 {[%emt 0:00:05]} c5 {[%emt 0:00:54]} 12. dxc5 {[%emt 0:00:07]} Qxc5 {[%emt 0:01:54]} 13. Be3 {[%emt 0:03:10]} Qc7 {[%emt 0:04:02]} 14. O-O {[%emt 0:00:22]} Nd5 {[%emt 0:02:40]} 15. Bd4 {[%emt 0:00:17]} Nxc3 {[%emt 0:01:02]} 16. Bxc3 {[%emt 0:00:10]} Bd7 {[%emt 0:14:16]} 17. Qa3 {[%emt 0:00:17]} Rac8 {[%emt 0:09:43]} 18. Rfd1 {[%emt 0:03:45]} Bc6 {[%emt 0:00:49]} 19. Rd4 {[%emt 0:03:09]} Ba8 {[%emt 0:07:09]} 20. Rad1 {[%emt 0:03:04]} Rfd8 {[%emt 0:09:06]} 21. Qxa7 {[%emt 0:01:42]} Rxd4 {[%emt 0:02:48]} 22. Qxd4 {[%emt 0:02:05]} f6 {[%emt 0:00:11]} 23. f3 {[%emt 0:03:31]} h5 {[%emt 0:03:10]} 24. Kg2 {[%emt 0:02:00]} e5 {[%emt 0:01:31]} 25. Qh4 {[%emt 0:01:13]} Qf7 {[%emt 0:04:22]} 26. Qh3 {[%emt 0:00:39]} Re8 {[%emt 0:00:17]} 27. Rd7 {[%emt 0:01:55]} Qg6 {[%emt 0:00:25]} 28. e4 {[%emt 0:01:27]} Qg5 {[%emt 0:11:42]} 29. Kf2 {[%emt 0:03:11]} Bc6 {[%emt 0:05:33]} 30. Rd6 {[%emt 0:01:53]} Ba4 {[%emt 0:02:56]} 31. Qf1 {[%emt 0:01:27]} Rc8 {[%emt 0:01:00]} 32. h4 {[%emt 0:00:07]} Qg6 {[%emt 0:00:24]} 33. Bxe5 {[%emt 0:00:56]} Qf7 {[%emt 0:02:35]} 34. Qh3 {[%emt 0:01:36]} Re8 {[%emt 0:02:06]} 35. Bc3 {[%emt 0:00:08]} Qa7+ {[%emt 0:00:52]} 36. Rd4 {[%emt 0:01:36]} Bb5 {[%emt 0:00:55]} 37. Kg2 {[%emt 0:02:59]} Qxa2 {[%emt 0:04:06]} 38. Qf5 {[%emt 0:00:12]} Bc6 {[%emt 0:00:44]} 39. Qxh5 {[%emt 0:00:23]} Qa4 {[%emt 0:02:33]} 40. Qc5 {[%emt 0:00:53]} Bb5 {[%emt 0:00:25]} 41. h5 {[%emt 0:30:19]} 1-0

[Event "GM Clarion Congress Hotel 2020"]
[Site "Ceske Budejovice"]
[Date "2020.07.05"]
[Round "5.3"]
[White "Horvath, Dominik"]
[Black "Donchenko, Alexander"]
[Result "0-1"]
[WhiteElo "2446"]
[BlackElo "2646"]
[Annotator "TA"]
[PlyCount "98"]
[EventDate "2020.07.01"]
[EventType "tourn"]
[EventCountry "CZE"]
[SourceTitle "playchess.com"]
[Source "ChessBase"]
[SourceQuality "1"]

{[%evp 9,98,19,58,52,53,44,52,43,40,39,57,31,40,19,30,20,35,15,31,33,27,19,31,17,21,27,21,0,0,0,0,-76,0,-6,-6,-14,-14,-60,-54,-60,-63,-68,-56,-86,-22,-47,-22,-145,-156,-281,-283,-271,-226,-292,-104,-111,-115,-113,-105,-85,-86,-91,-118,-195,-125,-186,-188,-376,-358,-592,-393,-521,-297,-463,-463,-463,-413,-463,-463,-463,-343,-320,-312,-1637,-1637,-1637,-1637,-1387,-1371,-1129,-1011]} 1. Nf3 d5 2. d4 Nf6 3. c4 e6 4. Nc3 dxc4 5. e4 b5 6. e5 {D24: Queen's Gambit Accepted: 3 Nf3 Nf6 4 Nc3.} Nd5 7. Nxb5 Nb6 8. Be2 {White is slightly better.} Nc6 {[%cal Bb8c6,Bc6b4,Bb4d3][%mdl 32]} 9. O-O Be7 10. Qd2 O-O 11. Qf4 Rb8 {Hoping for ...Nd5.} 12. Qg3 {Black must now prevent Bh6!} Kh8 13. Rd1 Nb4 14. Nc3 (14. Nxa7 $2 Bd7 $17) 14... Bb7 15. Rb1 {[#]} Nd3 $146 ({Predecessor:} 15... N4d5 16. Ne4 f5 17. exf6 gxf6 18. Nc5 Bc8 19. Ne4 Qe8 20. Bd2 Rg8 21. Qh4 e5 {0-1 (86) Esipenko,A (2603)-Maghsoodloo,P (2666) Moscow 2019}) 16. Bxd3 cxd3 17. Rxd3 Nd5 18. Bf4 Nxc3 19. Rxc3 Be4 20. Re1 (20. Rbc1 $11 {remains equal.}) 20... Bg6 ({Black should try} 20... Bxf3 $1 $17 21. Qxf3 Bb4) 21. Re2 c5 22. Be3 Qa5 {With the idea ...Rxb2!} 23. h4 {[%cal Rd4c5]} c4 $1 24. Bg5 Bxg5 25. Nxg5 Qxa2 {Strongly threatening ...Bd3.} 26. d5 exd5 (26... h6 $17 27. dxe6 hxg5 28. Qxg5 Rxb2 29. Rxb2 Qxb2 30. Rxc4 Qb1+ 31. Kh2 Qf5 32. Qxf5 Bxf5) 27. e6 $1 $11 {[%cal Re6e7] Threatens to win with e7.} f6 (27... Rxb2 28. Qd6 $1 $11 {[%mdl 512]}) 28. e7 (28. Nf7+ $1 $11 Bxf7 29. exf7 Qb1+ 30. Kh2) 28... Rfe8 $17 {And now ...d4 would win.} (28... fxg5 $2 29. Rf3 $18) 29. Ne6 (29. h5 $17 Bxh5 30. Ne6 $1 {[%mdl 512]} Qb1+ 31. Kh2) 29... Rxb2 $19 30. Rxb2 Qxb2 31. h5 Qb1+ $2 (31... Rxe7 $19 {and Black stays clearly on top.} 32. hxg6 Rxe6) 32. Kh2 $17 Qf5 {[%mdl 64] Double Attack} 33. hxg6 Qxe6 {[%mdl 4096] Endgame KQR-KQR} 34. Re3 Qd7 {aiming for ...Kg8.} 35. Qh4 {[%csl Gg6][%cal Rh4h7]} h6 36. Qh3 {[#]} f5 $1 37. Re5 (37. f4 $17) 37... Rxe7 $19 38. Qa3 $2 (38. Rxf5 {only move.} Qd8 39. Qf3) 38... Re8 39. f4 $2 (39. g3 Rd8 40. Qc5) 39... Qd8 40. Qa5 Qh4+ (40... Qxa5 41. Rxe8#) 41. Kg1 {[%cal Re5e8]} Rb8 42. Qb4 Qd8 ({Weaker is} 42... Rxb4 43. Re8#) 43. Rxd5 Qb6+ ({Worse is} 43... Rxb4 44. Rxd8#) ({Not} 43... Qxd5 44. Qxb8+ Qg8 45. Qxa7 $17) 44. Qxb6 axb6 {KR-KR} 45. Kf2 b5 {[%cal Bb6b5,Bb5b4,Bb4b3,Bb3b2][%mdl 32]} 46. Rc5 $2 (46. Ke1 c3 47. Kd1) 46... b4 {Black is clearly winning.} 47. Rxc4 b3 {( -> ...b2)} 48. Rc1 b2 49. Rb1 Kg8 {Accuracy: White = 56%, Black = 81%.} 0-1

[Event "GM Clarion Congress Hotel 2020"]
[Site "Ceske Budejovice"]
[Date "2020.07.05"]
[Round "5.4"]
[White "Cernousek, Lukas"]
[Black "Mikes, Jan"]
[Result "1/2-1/2"]
[WhiteElo "2458"]
[BlackElo "2373"]
[Annotator "ChessBase"]
[PlyCount "55"]
[EventDate "2020.07.01"]
[EventType "tourn"]
[EventCountry "CZE"]
[SourceTitle "playchess.com"]
[Source "ChessBase"]
[SourceQuality "1"]
[TimeControl "40/5400+30:1800+30"]

1. d4 {[%emt 0:00:00]} d5 {[%emt 0:00:00]} 2. Nf3 {[%emt 0:00:00]} Nf6 {[%emt 0:00:00]} 3. g3 {[%emt 0:00:00]} c6 {[%emt 0:00:00]} 4. Bg2 {[%emt 0:00:00]} g6 {[%emt 0:00:05]} 5. c4 {[%emt 0:05:27]} dxc4 {[%emt 0:00:06]} 6. a4 {[%emt 0:08:23]} a5 {[%emt 0:00:15]} 7. Na3 {[%emt 0:01:09]} Nbd7 {[%emt 0:00:33]} 8. Nxc4 {[%emt 0:02:53]} Nb6 {[%emt 0:00:25]} 9. Nce5 {[%emt 0:15:48]} Bg7 {[%emt 0:01:21]} 10. Ng5 {[%emt 0:09:27]} O-O {[%emt 0:00:24]} 11. O-O {[%emt 0:00:07]} Nfd5 {[%emt 0:08:28]} 12. e4 {[%emt 0:05:54]} Nb4 {[%emt 0:00:52]} 13. f4 {[%emt 0:03:32]} e6 {[%emt 0:04:52]} 14. Ngf3 {[%emt 0:03:41]} Qe7 {[%emt 0:06:21]} 15. b3 {[%emt 0:11:17]} Nd7 {[%emt 0:03:56]} 16. Nc4 {[%emt 0:03:37]} Rd8 {[%emt 0:02:26]} 17. Be3 {[%emt 0:03:28]} b6 {[%emt 0:04:59]} 18. Rf2 {[%emt 0:02:53]} Ba6 {[%emt 0:01:08]} 19. Rc1 {[%emt 0:03:41]} Rab8 {[%emt 0:32:17]} 20. Rd2 {[%emt 0:01:07]} Nf6 {[%emt 0:02:52]} 21. Nfe5 {[%emt 0:01:15]} Ne8 {[%emt 0:01:18]} 22. Nf3 {[%emt 0:06:14]} Nf6 {[%emt 0:00:45]} 23. Ne1 {[%emt 0:00:31]} c5 {[%emt 0:08:58]} 24. dxc5 {[%emt 0:05:18]} Na2 {[%emt 0:01:36]} 25. Rcc2 {[%emt 0:00:20]} Nb4 {[%emt 0:00:05]} 26. Rc1 {[%emt 0:00:05]} Na2 {[%emt 0:00:13]} 27. Rcc2 {[%emt 0:05:37]} Nb4 {[%emt 0:00:04]} 28. Rc1 1/2-1/2

[Event "GM Clarion Congress Hotel 2020"]
[Site "Ceske Budejovice"]
[Date "2020.07.05"]
[Round "5.5"]
[White "Yankelevich, Lev"]
[Black "Mihok, Oliver"]
[Result "1/2-1/2"]
[WhiteElo "2461"]
[BlackElo "2552"]
[Annotator "ChessBase"]
[PlyCount "57"]
[EventDate "2020.07.01"]
[EventType "tourn"]
[EventCountry "CZE"]
[SourceTitle "playchess.com"]
[Source "ChessBase"]
[SourceQuality "1"]
[TimeControl "40/5400+30:1800+30"]

1. d4 {[%emt 0:00:00]} Nf6 {[%emt 0:00:00]} 2. c4 {[%emt 0:00:00]} c5 {[%emt 0:00:00]} 3. d5 {[%emt 0:00:02]} b5 {[%emt 0:00:00]} 4. cxb5 {[%emt 0:00:12]} a6 {[%emt 0:00:06]} 5. bxa6 {[%emt 0:00:13]} g6 {[%emt 0:00:04]} 6. Nc3 {[%emt 0:00:07]} Bxa6 {[%emt 0:00:09]} 7. e4 {[%emt 0:00:24]} Bxf1 {[%emt 0:00:05]} 8. Kxf1 {[%emt 0:00:12]} d6 {[%emt 0:00:07]} 9. Nf3 {[%emt 0:00:12]} Bg7 {[%emt 0:00:04]} 10. g3 {[%emt 0:00:09]} O-O {[%emt 0:00:07]} 11. Kg2 {[%emt 0:00:05]} Qb6 {[%emt 0:00:07]} 12. Qe2 {[%emt 0:12:19]} Qa6 {[%emt 0:05:28]} 13. Qxa6 {[%emt 0:02:28]} Nxa6 {[%emt 0:02:13]} 14. Bd2 {[%emt 0:07:06]} Rfb8 {[%emt 0:06:00]} 15. Rhb1 {[%emt 0:09:17]} Nc7 {[%emt 0:12:37]} 16. a3 {[%emt 0:04:26]} Rb3 {[%emt 0:06:19]} 17. Bc1 {[%emt 0:02:24]} Rxc3 {[%emt 0:05:50]} 18. bxc3 {[%emt 0:00:07]} Nxe4 {[%emt 0:00:04]} 19. Rb7 {[%emt 0:06:51]} Nxc3 {[%emt 0:00:25]} 20. a4 {[%emt 0:02:49]} N3xd5 {[%emt 0:07:27]} 21. Ra3 {[%emt 0:03:04]} Kf8 {[%emt 0:06:10]} 22. Nd2 {[%emt 0:00:31]} Ke8 {[%emt 0:02:23]} 23. Nc4 {[%emt 0:00:06]} Kd8 {[%emt 0:08:22]} 24. Bd2 {[%emt 0:00:06]} Kc8 {[%emt 0:01:16]} 25. Rb1 {[%emt 0:01:12]} Bd4 {[%emt 0:06:46]} 26. Ba5 {[%emt 0:04:50]} Na6 {[%emt 0:05:20]} 27. Rab3 {[%emt 0:05:00]} Nab4 {[%emt 0:01:32]} 28. Bxb4 {[%emt 0:00:30]} Rxa4 {[%emt 0:01:38]} 29. Bxc5 {[%emt 0:04:31]} 1/2-1/2

[Event "GM Clarion Congress Hotel 2020"]
[Site "Ceske Budejovice"]
[Date "2020.07.06"]
[Round "6.1"]
[White "Stefansson, Hannes"]
[Black "Mihok, Oliver"]
[Result "1/2-1/2"]
[WhiteElo "2542"]
[BlackElo "2552"]
[Annotator "TA"]
[PlyCount "49"]
[EventDate "2020.07.01"]
[EventType "tourn"]
[EventCountry "CZE"]
[SourceTitle "playchess.com"]
[Source "ChessBase"]
[SourceQuality "1"]

{[%evp 20,49,19,7,14,8,16,0,22,0,6,5,0,3,0,0,0,0,0,0,0,0,0,0,6,6,17,7,7,4,7,0]} 1. e4 c5 2. Nf3 e6 3. d4 cxd4 4. Nxd4 Nc6 5. Nc3 Qc7 6. Be2 Nf6 7. O-O Be7 8. Be3 O-O 9. f4 d6 10. Kh1 Nxd4 11. Qxd4 {The position is equal.} b6 {B83: Sicilian Scheveningen: 6 Be2, lines without ...a6.} 12. Bf3 {White wants to play e5.} Bb7 13. Nb5 Qb8 (13... Qd7 $5 {[%cal Rd7b5]} 14. c4 a6 $14) 14. c4 a6 {[#] ...e5 is the strong threat.} 15. Nc3 b5 16. cxb5 axb5 17. Qb4 Bc6 18. e5 Nd5 19. Nxd5 Bxd5 20. Bxd5 exd5 {[#]} 21. exd6 $146 ({Predecessor:} 21. Rad1 Ra4 22. Qb3 dxe5 23. fxe5 Qxe5 24. Rxd5 Qe6 25. Rxb5 Rxa2 26. Qxe6 fxe6 27. Rxf8+ Kxf8 {½-½ (34) Grigoriants,S (2591)-Novikov,S (2534) Serpukhov 2007}) 21... Bxd6 22. Qb3 Re8 23. Rad1 Qb7 24. Bg1 Bf8 25. Qxd5 {Not much happened in this game. Accuracy: White = 100%, Black = 100%.} 1/2-1/2

[Event "GM Clarion Congress Hotel 2020"]
[Site "Ceske Budejovice"]
[Date "2020.07.06"]
[Round "6.2"]
[White "Mikes, Jan"]
[Black "Yankelevich, Lev"]
[Result "0-1"]
[WhiteElo "2373"]
[BlackElo "2461"]
[Annotator "TA"]
[PlyCount "92"]
[EventDate "2020.07.01"]
[EventType "tourn"]
[EventCountry "CZE"]
[SourceTitle "playchess.com"]
[Source "ChessBase"]
[SourceQuality "1"]

{[%evp 9,92,36,41,39,31,30,35,18,40,16,18,0,22,8,40,29,42,26,9,13,81,49,34,37,58,50,83,45,29,37,39,50,87,68,97,74,72,72,98,94,191,189,246,228,244,238,239,228,256,264,301,213,212,205,206,198,181,206,220,188,187,218,204,124,139,144,283,300,296,286,275,-587,-573,-1072,-1056,-12826,-12831,-12820,-12831,-12826,-12832,-12832,-12832,-1697,-1279]} 1. e4 e5 2. Nf3 Nc6 3. Bb5 a6 4. Ba4 g6 5. c3 Bg7 6. d4 {C70: Ruy Lopez: 3...a6 4 Ba4, Norwegian and Delayed Schliemann.} exd4 7. cxd4 b5 8. Bb3 {White is slightly better. 8.Bc2 might become the main line. Played by Fabiano Caruana in March 2020.} Nge7 9. O-O (9. a4 $5 {[%cal Ra4b5]}) 9... O-O 10. Nc3 d6 11. h3 h6 12. Re1 $36 {[%mdl 2048] White has good play.} Bb7 13. a4 b4 {[#]} 14. Nd5 $146 ({Predecessor:} 14. Ne2 Na5 15. Bc2 c5 16. Ng3 Rc8 17. d5 Nc4 18. Qe2 Nxb2 19. Rb1 Re8 20. Qf1 {1-0 (61) Samani,Y (2227)-Kilic,E (2317) Ankara 2018}) 14... Rb8 (14... Na5 $11) 15. a5 Nxd5 16. Bxd5 Na7 17. Bc4 Re8 18. Qd3 d5 19. exd5 {aiming for Rxe8+.} Rxe1+ 20. Nxe1 Qd6 21. Be3 Nc8 22. Nf3 Ne7 23. Nd2 f5 24. Nb3 Nxd5 (24... Kh7 $16 {was worth a try.}) 25. Nc5 $18 Ba8 (25... Kh7 {was called for.}) 26. Nxa6 Re8 27. Nc5 Kh7 28. Bd2 Qf6 29. Rd1 Qh4 30. Bxd5 Bxd5 31. Bxb4 f4 {intending ...f3.} 32. Qf1 $1 f3 33. g3 Qg5 34. Bd2 Qf5 35. Be3 Bf8 36. Kh2 Bd6 {...Rxe3! is the strong threat.} 37. Qd3 Qh5 (37... Qf7 $16 38. Rc1 h5) 38. a6 Kg7 39. b4 g5 40. Qf1 $4 {[%mdl 8192] [#]} (40. Qf5 $18 Qf7 41. Qxf7+ Kxf7 42. Ra1) 40... Rxe3 $1 $19 {[%mdl 512] Black is clearly winning.} 41. fxe3 {[#] Black must now prevent e4.} Qh4 $1 {[%cal Rh4g3]} 42. Qf2 g4 43. Rh1 Qxh3+ 44. Kg1 Bxg3 45. Rxh3 Bxf2+ 46. Kxf2 gxh3 {Accuracy: White = 63%, Black = 62%.} 0-1

[Event "GM Clarion Congress Hotel 2020"]
[Site "Ceske Budejovice"]
[Date "2020.07.06"]
[Round "6.3"]
[White "Donchenko, Alexander"]
[Black "Cernousek, Lukas"]
[Result "1/2-1/2"]
[WhiteElo "2646"]
[BlackElo "2458"]
[Annotator "TA"]
[PlyCount "71"]
[EventDate "2020.07.01"]
[EventType "tourn"]
[EventCountry "CZE"]
[SourceTitle "playchess.com"]
[Source "ChessBase"]
[SourceQuality "1"]

{[%evp 13,71,19,48,-5,1,15,13,0,52,27,12,21,16,20,25,25,59,68,51,50,57,33,58,52,47,45,44,43,56,25,35,3,26,30,39,39,46,8,8,8,59,55,70,0,0,0,0,0,0,0,0,0,0,0,0,0,0,0,0,0]} 1. c4 e6 2. Nc3 Nf6 3. d4 Bb4 4. Qc2 c5 5. dxc5 O-O 6. a3 Bxc5 7. Nf3 d5 8. e3 {E39: Nimzo-Indian: Classical: 4...c5 5 dxc5 0-0.} (8. Bg5 $14) 8... a6 9. b4 Be7 10. cxd5 {[#]} Nxd5 $146 (10... exd5 $11 11. Bb2 Be6) ({Predecessor:} 10... exd5 11. Bb2 Nc6 12. Rd1 h6 13. Be2 Be6 14. O-O Rc8 15. Qb1 Bd6 16. b5 axb5 17. Nxb5 {½-½ (55) Huang,Q (2417)-Cramling,P (2478) Batumi 2012}) 11. Bb2 Nxc3 12. Bxc3 Bf6 13. Bd3 Bxc3+ 14. Qxc3 Qf6 15. Qxf6 gxf6 16. Ke2 Bd7 17. Nd2 Kg7 18. Rhc1 Nc6 19. Nc4 Rab8 20. Nb6 Rfd8 21. f4 Be8 22. Be4 Na7 23. a4 Bc6 24. Bxc6 Nxc6 25. b5 Na7 26. Rc5 Nc8 (26... axb5 $11 27. axb5 Nc8 28. Nxc8 Rbxc8 29. Rxc8 Rxc8) 27. Nxc8 $14 Rbxc8 28. Rxc8 (28. Rac1 $1 $14 Rxc5 29. Rxc5) 28... Rxc8 $11 {The position is equal.} 29. bxa6 bxa6 $14 {[%mdl 4096] Endgame KR-KR} 30. Kd3 Rb8 31. Rc1 Rb2 32. Rc2 Rb4 33. Rc4 Rb2 34. Rc2 Rb4 35. Rc4 Rb2 36. Rc2 {Accuracy: White = 78%, Black = 82%.} 1/2-1/2